|
|
|
|
| LEADER |
00000nam a22000007a 4500 |
| 005 |
20200109221636.0 |
| 007 |
cr|||| |||| |
| 008 |
200109s2019 co |||||s|||| 00||0 spa d |
| 020 |
|
|
|a 978-958-784-280-7
|
| 035 |
|
|
|a 30927
|
| 040 |
|
|
|a vLex
|
| 090 |
|
|
|c 10099
|d 10099
|
| 100 |
1 |
|
|a Güiza Sur̀ez, Leonardo
|
| 245 |
1 |
0 |
|a Energa̕s renovables no convencionales y cambio climt̀ico
|h [Recurso electrn̤ico] :
|b un anl̀isis para Colombia /
|c Leonardo Güiza Sur̀ez, Julio Cšar Rodas Monsalve, Julie Alejandra Cifuentes-Guerrero, Juan Pablo Gonzl̀ez
|
| 256 |
|
|
|a Servicio en ln̕ea
|
| 260 |
|
|
|a Bogot:̀
|b Editorial Universidad de Rosario (Colombia),
|c 2019
|
| 300 |
|
|
|a 1 recurso electrn̤ico
|
| 500 |
|
|
|a El Quinto Informe de Evaluacin̤ del Grupo Intergubernamental de Expertos sobre Cambio Climt̀ico IPCC (2014), concluye que la temperatura del planeta est ̀aumentando como resultado del incremento en la concentracin̤ de gases de efecto invernadero en la atms̤fera. Los impactos del cambio climt̀ico afectarǹ la disponibilidad de recursos, la produccin̤ de alimentos, y en třminos generales, el crecimiento econm̤ico. Las proyecciones indican que el aumento en los eventos climt̀icos severos como olas de calor, inundaciones, tormentas e incendios forestales serǹ los responsables de 700 000 muertes por aǫ para el 2030, convirtiňdose en el mayor desafo̕ que el mundo ha enfrentado. Teniendo en cuenta lo anterior, este libro analiza el problema global del cambio climt̀ico desde las perspectivas tčnica y jurd̕ica y busca contribuir a la formulacin̤ de polt̕icas pb︢licas e inspirar el desarrollo de proyectos e investigaciones que lleven a la construccin̤ de una sociedad baja en carbono, a travš del uso de las energa̕s renovables no convencionales. Por una parte, presenta las razones del incremento en las emisiones de gases de efecto invernadero como una consecuencia directa de la cultura de produccin̤ y consumo insostenible y de la dependencia de los combustibles fs̤iles para el crecimiento econm̤ico. Seguido a esto, analiza ampliamente la transicin̤ energťica hacia las fuentes renovables como una alternativa para enfrentar el cambio climt̀ico y cm̤o la matriz energťica de Colombia podra̕ diversificarse al incluir este tipo de fuentes. Finaliza presentando algunas fuentes del derecho como instrumentos jurd̕icos para enfrentar el reto del cambio climt̀ico, en donde se destaca la jurisprudencia de la Corte Constitucional y las recientes polt̕icas y normativas sobre cambio climt̀ico que el pas̕ ha desarrollado como parte de su visin̤ hacia el crecimiento verde y bajo en carbono. Palabras clave: Cambio climt̀ico, energa̕s renovables no convencionales, resiliencia, adaptacin̤, mitigacin̤, polt̕icas pb︢licas.
|
| 506 |
1 |
|
|a Disponible solo en los productos indicados
|d vLex Global
|d vLex Global (Academic Edition, excluding Law Schools)
|d vLex Global (U.S. Academic Edition, Law Schools)
|d vLex Global (U.S. Academic Edition, excluding Law Schools)
|d vLex Global (Academic Edition, Law Schools)
|
| 650 |
0 |
4 |
|a Derecho del Medio Ambiente
|z Colombia
|
| 700 |
1 |
|
|a Rodas Monsalve, Julio Cšar
|
| 700 |
1 |
|
|a Cifuentes-Guerrero, Julie Alejandra
|
| 700 |
1 |
|
|a Gonzl̀ez, Juan Pablo
|
| 740 |
0 |
|
|a vLex Libros (Servicio en ln̕ea)
|
| 856 |
4 |
0 |
|u http://vlex.com/source/energias-renovables-no-convencionales-y-cambio-climatico-un-analisis-para-colombia-30927
|z Acceso restringido
|
| 942 |
|
|
|c BOOK
|
| 999 |
0 |
|
|a Environmental Law
|